000 00699nam a2200181 a 4500
001 000004827
005 20200929151520.0
008 090727s1984 dr 000 0 spa d
040 _aDO-SdBNP
_bspa
_cBNPHU
082 _axxxx
_bF723s
245 0 0 _aFormación social dominicana y proceso salud-enfermedad /
_ccomposición Doris Pérez.
260 _aSanto Domingo :
_bTalleres del Centro de Investigación y Apoyo Cultural,
_c1984.
300 _av. :
_bil. ;
_c21 cm.
500 _aIncluye referencias bibliográficas y notas al pie de las páginas
504 _aBibliografías: p. 254-259
700 1 _aPérez, Doris,
_ecomp.
_914018
710 1 _aCentro de Investigación y Apoyo Cultural (CIAC)
_914019
999 _c4633
_d4633